00890nam a2200289Ia 4500008004100000020001600041050000900057050001600066100001800082245002800100245009700128260001500225260001900240260000900259300001500268300002700283300001100310440002000321650001700341650001900358650002200377650002200399650002200421650002200443999001900465952011600484170203s9999 xx 000 0 und d a0-736423710 aFic  b.T487t 2006 aThorpe, Kiki. 4aThe trouble with Tink / cwritten by Kiki Thorpe ; illustrated by Judith Holmes Clarke & the Disney Storybook artists. aNew York : b Random House. c2006 a109 pages; bcolor illustrations ;  c20 cm. aDisney fairies. a Fairies -- aFriendship --  aLost articles --  xJuvenile fiction. xJuvenile fiction. xJuvenile fiction. c306148d306148 001040aSSISBbSSISBcGS FICTIONd2017-02-03l0oFic .T487t 2006pLS-3555r2017-02-03 00:00:00w2017-02-03yBK